| 000 | 00741nmm a2200253 a 4500 | ||
|---|---|---|---|
| 003 | AR-BaBNM | ||
| 005 | 20251128202706.0 | ||
| 008 | 025020s1983 ||||||||||||||000 | spa|| | ||
| 040 | _cAR-BaBNM | ||
| 100 | 1 | _aBleyle, Mirjam | |
| 245 | 1 | 0 | _aLa educación según la espiritualidad de Schönstatt |
| 250 | _a2ª ed. | ||
| 260 |
_aSantiago de Chile _bInstituto Secular Hermanas Marianas de Schoenstatt _c1983 |
||
| 300 | 0 | _a307 p. | |
| 610 | 2 | 4 | _aSchöenstatt |
| 650 | 4 | _aEDUCACION CRISTIANA | |
| 650 | 4 | _aFINALIDADES DE LA EDUCACION | |
| 650 | 4 | _aFILOSOFIA DE LA EDUCACION | |
| 650 | 4 | _aEDUCACION RELIGIOSA | |
| 650 | 4 | _aMOVIMIENTOS RELIGIOSOS | |
| 653 | 0 | _aDOCTRINA EDUCATIVA DE SCHONSTATT | |
| 942 | _cBK | ||
| 998 | _cme-solo cat | ||
| 999 |
_c143 _d143 |
||